000 00661nam a2200241Ia 4500
003 OSt
005 20220925214311.0
006 a|||||r|||| 00| 0
007 ta
008 220923b |||||||| |||| 00| 0 eng d
037 _cGeneral Book
040 _aRTL
_cRTL
_beng
041 _2eng
_aeng
082 _aU3, L1
100 _aSeddon Brian
_9280004
245 0 _aIntroduction to biogeography
260 _aLondon
_bDuckworth
_c1971
300 _aviii, 220p
_ccm.
500 _aBibliography at the end of each chapter and p 214-16
650 _aBiogeography
942 _hU3, L1
_cGB
_2CC
999 _c565050
_d565050